Introduction to marine engineering / (Record no. 69899)

000 -LEADER
fixed length control field 01097cam a2200313 a 4500
001 - CONTROL NUMBER
control field 3550325
003 - CONTROL NUMBER IDENTIFIER
control field NUST - PNEC
005 - DATE AND TIME OF LATEST TRANSACTION
control field 20170116181130.0
008 - FIXED-LENGTH DATA ELEMENTS--GENERAL INFORMATION
fixed length control field 970425s1996 enka 001 0 eng
010 ## - LIBRARY OF CONGRESS CONTROL NUMBER
LC control number 97144096
020 ## - INTERNATIONAL STANDARD BOOK NUMBER
International Standard Book Number 0750625309
040 ## - CATALOGING SOURCE
Original cataloging agency DLC
Transcribing agency LIBRARY
Modifying agency DLC
050 00 - LIBRARY OF CONGRESS CALL NUMBER
Classification number VM600
Item number .T385 1996
082 00 - DEWEY DECIMAL CLASSIFICATION NUMBER
Classification number 623.87 TAY
Edition number 21
100 1# - MAIN ENTRY--PERSONAL NAME
Personal name Taylor, D. A.,
Titles and words associated with a name M.Sc.
245 10 - TITLE STATEMENT
Title Introduction to marine engineering /
Statement of responsibility, etc. D.A. Taylor.
246 30 - VARYING FORM OF TITLE
Title proper/short title Marine engineering
250 ## - EDITION STATEMENT
Edition statement 2nd ed., rev.
260 ## - PUBLICATION, DISTRIBUTION, ETC.
Place of publication, distribution, etc. Oxford ;
-- Boston :
Name of publisher, distributor, etc. Butterworth Heinemann,
Date of publication, distribution, etc. 1996.
300 ## - PHYSICAL DESCRIPTION
Extent ix, 372 p. :
Other physical details ill. ;
Dimensions 24 cm.
500 ## - GENERAL NOTE
General note "Revised second edition"--Cover.
500 ## - GENERAL NOTE
General note Includes index.
650 #0 - SUBJECT ADDED ENTRY--TOPICAL TERM
Topical term or geographic name entry element Marine engineering.
General subdivision EE
650 #0 - SUBJECT ADDED ENTRY--TOPICAL TERM
Topical term or geographic name entry element Marine machinery.
856 42 - ELECTRONIC LOCATION AND ACCESS
Materials specified Publisher description
Uniform Resource Identifier <a href="http://www.loc.gov/catdir/description/els032/97144096.html">http://www.loc.gov/catdir/description/els032/97144096.html</a>
856 41 - ELECTRONIC LOCATION AND ACCESS
Materials specified Table of contents
Uniform Resource Identifier <a href="http://www.loc.gov/catdir/toc/els032/97144096.html">http://www.loc.gov/catdir/toc/els032/97144096.html</a>
942 ## - ADDED ENTRY ELEMENTS (KOHA)
Source of classification or shelving scheme
Koha item type Book
Holdings
Withdrawn status Lost status Source of classification or shelving scheme Damaged status Not for loan Permanent Location Current Location Shelving location Date acquired Total Checkouts Full call number Barcode Date last seen Price effective from Koha item type
          Pakistan Navy Engineering College (PNEC) Pakistan Navy Engineering College (PNEC)   10/06/2015   623.87 TAY PNECLIB-020963 10/06/2015   Book
© 2023 Central Library, National University of Sciences and Technology. All Rights Reserved.